The 25 most visited cities in the world per year - Statistics

General Stats
  • This quiz has been taken 140 times
  • The average score is 14 of 25
Answer Stats
tourist Answer % Correct
15,834 million Paris
99%
19,827 million London
98%
13,100 million New York City
98%
9,531 million Rome
94%
9,549 million Tokyo
93%
22,453 million Bangkok
76%
7,848 million Amsterdam
71%
15,790 million Dubai
71%
17,618 million Singapore
68%
27,880 million Hong Kong
65%
10,730 million Istanbul
65%
10,157 million Delhi
64%
7,659 million Seoul
62%
8,075 million Miami
61%
8,984 million Mumbai
55%
12,843 million Kuala Lumpur
43%
9,273 million Taipei
39%
8,632 million Mecca
38%
8,806 million Prague
38%
9,004 million Guangzhou
28%
17,337 million Macau
20%
12,075 million Shenzhen
19%
11,613 million Phuket
14%
9,482 million Antalya
11%
7,426 million Pattaya
8%
No matching quizzes found
Score Distribution
Percent of People with Each Score
Percentile by Number Answered
Your Score History
You have not taken this quiz